The use of single frequency GPS to measure the deformations and deflections of structures (Record no. 74545)

MARC details
000 -LEADER
fixed length control field 01231cab a2200241 4500
001 - CONTROL NUMBER
control field ABS68244
008 - FIXED-LENGTH DATA ELEMENTS--GENERAL INFORMATION
fixed length control field 040924n2004 000 0 eng u
035 ## - SYSTEM CONTROL NUMBER
System control number (Sirsi) u127517
100 ## - MAIN ENTRY--PERSONAL NAME
Personal name Roberts, G.
245 #4 - TITLE STATEMENT
Title The use of single frequency GPS to measure the deformations and deflections of structures
260 ## - PUBLICATION, DISTRIBUTION, ETC.
Date of publication, distribution, etc. 2004
490 ## - SERIES STATEMENT
Series statement Civil Engineering Surveyor
Volume/sequential designation GIS/GPS Supplement Autumn 2004, 6-12(6)
520 ## - SUMMARY, ETC.
Summary, etc. Discusses an integrated approach using GPS accelerometers and pseudolites, as well as showing some of the results obtained. Trials are underway in Nottingham to evaluate the approach, both in a controlled environment as well as on a bridge. The results show that the integrated approach has many advantages over GPS alone and can gather data at a very high rate. The results obtained are of both the magnitude of the deflections as well as the frequencies, both of which are important in obtaining knowledge about the health of the structure. [Taken from journal abstract].
590 ## - LOCAL NOTE (RLIN)
Local note ABS
650 ## - SUBJECT ADDED ENTRY--TOPICAL TERM
Topical term or geographic name entry element GPS SURVEYS
650 ## - SUBJECT ADDED ENTRY--TOPICAL TERM
Topical term or geographic name entry element DATA GATHERING
650 ## - SUBJECT ADDED ENTRY--TOPICAL TERM
Topical term or geographic name entry element STRUCTURAL DEFECTS
690 ## - LOCAL SUBJECT ADDED ENTRY--TOPICAL TERM (OCLC, RLIN)
Topical term or geographic name as entry element GEOMATICS-GPS
700 ## - ADDED ENTRY--PERSONAL NAME
Personal name Meng, X.
700 ## - ADDED ENTRY--PERSONAL NAME
Personal name Cosser, E.
700 ## - ADDED ENTRY--PERSONAL NAME
Personal name Dodson, A.
942 ## - ADDED ENTRY ELEMENTS (KOHA)
Suppress in OPAC 0
Holdings
Withdrawn status Lost status Source of classification or shelving scheme Damaged status Not for loan Home library Current library Shelving location Date acquired Total Checkouts Full call number Barcode Date last seen Copy number Price effective from Koha item type
    Dewey Decimal Classification     London London Journal article 24/09/2004   ABS68244 127517-1001 06/08/2019 1 06/08/2019 Journal article